| 000 | 01222nam a2200289 i 4500 | ||
|---|---|---|---|
| 001 | 15431 | ||
| 003 | ES-MaACL | ||
| 005 | 20251013191504.0 | ||
| 007 | t| | ||
| 008 | 000309s1999 sp ||||1| spa d | ||
| 080 | _a7.036(460)(083.824) | ||
| 245 | 0 | 0 |
_aCircuitos : _bXI edición Artes Plásticas y Fotografía / _cMónica de Miguel Rubio, Enrique Corrales, Lidia Benavides ... [et al.]. |
| 246 | 3 |
_aCircuitos de Artes Plásticas y Fotografías 1999 : _bXI edición |
|
| 260 |
_aMadrid : _bDirección General de la Juventud, _c[1999] |
||
| 300 |
_a119 p. : _bprincipalmente il. col. y n., fot. ; _c26 cm. |
||
| 546 | _aTexto en español y traducción en alemán. | ||
| 585 | _aCatálogo de la exposición celebrada en Madrid, Centro de Arte Joven, octubre-noviembre 1999. | ||
| 650 | 4 |
_aArte español- _yS.XX- _vExposiciones. _910206 |
|
| 655 | 7 |
_2tgfbne _9193628 _aCatálogos de exposiciones |
|
| 700 | 1 |
_aMiguel Rubio, Mónica de. _9173448 |
|
| 700 | 1 |
_aCorrales Crespo, Enrique. _9173449 |
|
| 700 | 1 |
_aBenavides Téllez, Lidia, _d1971- _9173450 |
|
| 710 | 1 |
_aMadrid (Comunidad Autónoma). _bDirección General de Juventud. _95614 |
|
| 852 |
_aES-MaACL _jL-22466 |
||
| 942 | _2udc | ||
| 999 |
_c15431 _d15431 |
||